000 004520000a22001810004500
041 0 _aENG
082 0 4 _aG 231.745 B7911p
100 1 _aBoyer, James L.
245 1 0 _aProphecy : Things to Come / James L. Boyer
260 _aWinona Lake, IN., USA : BMH
300 _a130 Pag
650 1 4 _aPROFECIAS
001 3915
942 _cBK
999 _c34538
_d34538
336 _atexto
_btxt
_2rdacontent
337 _2rdamedia
_asin mediación
_bn
338 _2rdacarrier
_avolumen
_bnc